The Hatoyama dynasty (Record no. 189730)
[ view plain ]
| 000 -LEADER | |
|---|---|
| fixed length control field | 01685nam a2200337Ia 4500 |
| 082 04 - DEWEY DECIMAL CLASSIFICATION NUMBER | |
| Classification number | 929.7/0952 |
| 100 1# - MAIN ENTRY--AUTHOR NAME | |
| Personal name | Itoh, Mayumi, |
| 245 14 - TITLE STATEMENT | |
| Title | The Hatoyama dynasty |
| 260 ## - PUBLICATION, DISTRIBUTION, ETC. (IMPRINT) | |
| Place of publication | New York : |
| Name of publisher | Palgrave Macmillan, |
| Year of publication | 2003. |
| 300 ## - PHYSICAL DESCRIPTION | |
| Number of Pages | xii, 286 p. : |
| Other physical details | ports. |
| 505 0# - FORMATTED CONTENTS NOTE | |
| Formatted contents note | Portrait photographs of the Hatoyama Dynasty -- 1. Introduction -- 2. The First Generation: Kazuo and the Meiji Government -- 3. The Second Generation: Ichiro and Prewar Politics -- 4. The U.S. Occupation and Ichiro's Purge -- 5. Ichiro and Postwar Politics -- 6. The Third Generation: Iichiro, the MOF, and the MOFA -- 7. The Fourth Generation: Kunio and Yukio -- 8. The DPJ's Policy and Yukio's Leadership -- 9. Conclusion. |
| 856 40 - ELECTRONIC LOCATION AND ACCESS | |
| Uniform Resource Identifier | http://site.ebrary.com/lib/rucke/Doc?id=10135583 |
No items available.
